The English landscape garden /

Bibliographic Details
Main Author: Clark, H. F.
Format: Book
Language:English
Published: Gloucester [England] : A. Sutton, 1980.
Edition:[2nd ed.].
Subjects:

MARC

Tag First Indicator Second Indicator Subfields
LEADER 00000cam a2200000 a 4500
001 in00000082281
005 20151008061118.0
008 801002s1980 enkaf 00010 engm
010 |a  80500036  
015 |a GB*** 
020 |a 0904387380 :  |c 6.00 
035 |a (OCoLC)06892694 
035 |9 AAJ7332AM 
040 |a DLC  |c DLC  |d m.c.  |d TXA  |d UtOrBLW 
043 |a e-uk-en 
049 |a TXAM  |c [1272332] 
050 0 0 |a SB457.6  |b .C55 1980 
082 0 |a 712/.6/0942  |2 19 
100 1 |a Clark, H. F. 
245 1 4 |a The English landscape garden /  |c H.F. Clark. 
250 |a [2nd ed.]. 
264 1 |a Gloucester [England] :  |b A. Sutton,  |c 1980. 
300 |a 76 pages, 49 unnumbered pages of plates :  |b illustrations ;  |c 25 cm. 
336 |a text  |b txt  |2 rdacontent 
337 |a unmediated  |b n  |2 rdamedia 
338 |a volume  |b nc  |2 rdacarrier 
650 0 |a Gardens, English  |x History. 
999 |a MARS 
999 f f |s c93eb4ca-c6f8-36c7-9bb8-24bd042a8182  |i ec7a23dc-7730-3202-8c6f-ff07637c0eba  |t 0 
952 f f |p ric  |a Texas A&M University  |b Rellis Campus  |c Joint Library Facility  |d Remote Storage  |t 0  |e SB457.6 .C55 1980  |h Library of Congress classification  |i unmediated -- volume  |m A14806236313 
998 f f |a SB457.6 .C55 1980  |t 0  |l Remote Storage